000 00243nam a2200097Ia 4500
001 1229117
005 20250827093054.0
008 250824s9999 xx 000 0 und d
245 0 _aEJDER
_cMICHAEL CONNELLY
260 _bALTIN KİTAPLAR YAYINLARI
999 _c1229117
_d1229117